00739cam a22002057a 450000100100000000500170001000800410002701000130006803500210008103500190010204000180012105000220013910000310016124501010019226000630029330000210035691000280037795201110040599900170051600001578620200929164143.0900425s1987 cs |||||000 0|spa  a90148733 a(WaOLN) 90148733 a(WaOLN)6482909 aDO-SdBNPcDLC00aMLCS 97/06737 (P)2 aGarcia Luis, Julio.93553310aGeneros de opinion :bapuntes y sugerencias sobre el articulo periodistico /cJulio Garcia Luis. aPraga :bOrganizacion Internacional de Periodistas,c1987. a149 p. ;c21 cm. aCatalogación derivada 001052728MOaGRbGRcBDd2010-02-17iLF1l0o p15786-10r2020-06-25w2020-06-25y2ZPréstamo interno c15333d15333